<?xml version="1.0" encoding="UTF-8"?>
<record
    xmlns:xsi="http://www.w3.org/2001/XMLSchema-instance"
    xsi:schemaLocation="http://www.loc.gov/MARC21/slim http://www.loc.gov/standards/marcxml/schema/MARC21slim.xsd"
    xmlns="http://www.loc.gov/MARC21/slim">

  <leader>01681    a2200289   4500</leader>
  <controlfield tag="003">NALT</controlfield>
  <controlfield tag="005">20250902111314.0</controlfield>
  <controlfield tag="008">190205b        th ||||| |||| 00| 0 tha d</controlfield>
  <datafield tag="020" ind1=" " ind2=" ">
    <subfield code="a">9786164170865</subfield>
  </datafield>
  <datafield tag="040" ind1=" " ind2=" ">
    <subfield code="a">NALT</subfield>
  </datafield>
  <datafield tag="050" ind1=" " ind2=" ">
    <subfield code="a">HC 665 </subfield>
    <subfield code="b">&#xE1B;138 2561</subfield>
  </datafield>
  <datafield tag="245" ind1="0" ind2="0">
    <subfield code="a">&#xE1B;&#xE0F;&#xE34;&#xE23;&#xE39;&#xE1B;&#xE19;&#xE34;&#xE27;&#xE0B;&#xE35;&#xE41;&#xE25;&#xE19;&#xE14;&#xE4C;&#xE1A;&#xE17;&#xE40;&#xE23;&#xE35;&#xE22;&#xE19;&#xE2A;&#xE33;&#xE2B;&#xE23;&#xE31;&#xE1A;&#xE1B;&#xE23;&#xE30;&#xE40;&#xE17;&#xE28;&#xE44;&#xE17;&#xE22; &#xE40;&#xE25;&#xE48;&#xE21;&#xE17;&#xE35;&#xE48; 2 /</subfield>
    <subfield code="c">&#xE1A;&#xE23;&#xE23;&#xE13;&#xE32;&#xE18;&#xE34;&#xE01;&#xE32;&#xE23; &#xE28;&#xE38;&#xE20;&#xE31;&#xE0A; &#xE28;&#xE38;&#xE20;&#xE0A;&#xE25;&#xE32;&#xE28;&#xE31;&#xE22;.</subfield>
  </datafield>
  <datafield tag="250" ind1=" " ind2=" ">
    <subfield code="a">&#xE1E;&#xE34;&#xE21;&#xE1E;&#xE4C;&#xE04;&#xE23;&#xE31;&#xE49;&#xE07;&#xE17;&#xE35;&#xE48; 1</subfield>
  </datafield>
  <datafield tag="260" ind1=" " ind2=" ">
    <subfield code="a">&#xE01;&#xE23;&#xE38;&#xE07;&#xE40;&#xE17;&#xE1E;&#xE2F; :</subfield>
    <subfield code="b"> &#xE28;&#xE39;&#xE19;&#xE22;&#xE4C;&#xE2D;&#xE2D;&#xE2A;&#xE40;&#xE15;&#xE23;&#xE40;&#xE25;&#xE35;&#xE22;&#xE28;&#xE36;&#xE01;&#xE29;&#xE32; &#xE2A;&#xE16;&#xE32;&#xE1A;&#xE31;&#xE19;&#xE2D;&#xE32;&#xE13;&#xE32;&#xE1A;&#xE23;&#xE34;&#xE40;&#xE27;&#xE13;&#xE28;&#xE36;&#xE01;&#xE29;&#xE32; &#xE21;&#xE2B;&#xE32;&#xE27;&#xE34;&#xE17;&#xE22;&#xE32;&#xE25;&#xE31;&#xE22;&#xE18;&#xE23;&#xE23;&#xE21;&#xE28;&#xE32;&#xE2A;&#xE15;&#xE23;&#xE4C;, </subfield>
    <subfield code="c">2561. </subfield>
  </datafield>
  <datafield tag="300" ind1=" " ind2=" ">
    <subfield code="a">94 &#xE2B;&#xE19;&#xE49;&#xE32; :</subfield>
    <subfield code="b">&#xE20;&#xE32;&#xE1E;&#xE1B;&#xE23;&#xE30;&#xE01;&#xE2D;&#xE1A;, &#xE15;&#xE32;&#xE23;&#xE32;&#xE07; ;</subfield>
    <subfield code="c">29 &#xE0B;&#xE21;.</subfield>
  </datafield>
  <datafield tag="650" ind1=" " ind2="4">
    <subfield code="9">37025</subfield>
    <subfield code="a">&#xE19;&#xE42;&#xE22;&#xE1A;&#xE32;&#xE22;&#xE02;&#xE2D;&#xE07;&#xE23;&#xE31;&#xE10; </subfield>
    <subfield code="z">&#xE19;&#xE34;&#xE27;&#xE0B;&#xE35;&#xE41;&#xE25;&#xE19;&#xE14;&#xE4C; </subfield>
  </datafield>
  <datafield tag="650" ind1=" " ind2="4">
    <subfield code="a">&#xE19;&#xE42;&#xE22;&#xE1A;&#xE32;&#xE22;&#xE02;&#xE2D;&#xE07;&#xE23;&#xE31;&#xE10;</subfield>
    <subfield code="z">&#xE44;&#xE17;&#xE22;</subfield>
    <subfield code="9">492</subfield>
  </datafield>
  <datafield tag="650" ind1=" " ind2="4">
    <subfield code="9">37032</subfield>
    <subfield code="a">&#xE01;&#xE32;&#xE23;&#xE1B;&#xE0F;&#xE34;&#xE23;&#xE39;&#xE1B;&#xE2A;&#xE31;&#xE07;&#xE04;&#xE21;</subfield>
    <subfield code="x">&#xE19;&#xE34;&#xE27;&#xE0B;&#xE35;&#xE41;&#xE25;&#xE19;&#xE14;&#xE4C;</subfield>
  </datafield>
  <datafield tag="651" ind1=" " ind2="4">
    <subfield code="9">37026</subfield>
    <subfield code="a">&#xE19;&#xE34;&#xE27;&#xE0B;&#xE35;&#xE41;&#xE25;&#xE19;&#xE14;&#xE4C;  </subfield>
    <subfield code="x">&#xE20;&#xE32;&#xE27;&#xE30;&#xE40;&#xE28;&#xE23;&#xE29;&#xE10;&#xE01;&#xE34;&#xE08;</subfield>
  </datafield>
  <datafield tag="651" ind1=" " ind2="4">
    <subfield code="9">37033</subfield>
    <subfield code="a">&#xE19;&#xE34;&#xE27;&#xE0B;&#xE35;&#xE41;&#xE25;&#xE19;&#xE14;&#xE4C;  </subfield>
    <subfield code="x">&#xE01;&#xE32;&#xE23;&#xE1B;&#xE0F;&#xE34;&#xE23;&#xE39;&#xE1B;</subfield>
  </datafield>
  <datafield tag="651" ind1=" " ind2="4">
    <subfield code="9">37027</subfield>
    <subfield code="a">&#xE19;&#xE34;&#xE27;&#xE0B;&#xE35;&#xE41;&#xE25;&#xE19;&#xE14;&#xE4C; </subfield>
    <subfield code="x">&#xE19;&#xE42;&#xE22;&#xE1A;&#xE32;&#xE22;&#xE40;&#xE28;&#xE23;&#xE29;&#xE10;&#xE01;&#xE34;&#xE08; </subfield>
  </datafield>
  <datafield tag="651" ind1=" " ind2="4">
    <subfield code="9">37029</subfield>
    <subfield code="a">&#xE19;&#xE34;&#xE27;&#xE0B;&#xE35;&#xE41;&#xE25;&#xE19;&#xE14;&#xE4C;</subfield>
    <subfield code="x">&#xE20;&#xE32;&#xE27;&#xE30;&#xE2A;&#xE31;&#xE07;&#xE04;&#xE21;</subfield>
  </datafield>
  <datafield tag="700" ind1="0" ind2=" ">
    <subfield code="a">&#xE28;&#xE38;&#xE20;&#xE31;&#xE0A; &#xE28;&#xE38;&#xE20;&#xE0A;&#xE25;&#xE32;&#xE28;&#xE31;&#xE22;.</subfield>
    <subfield code="9">35913</subfield>
  </datafield>
  <datafield tag="850" ind1=" " ind2=" ">
    <subfield code="a">NALT</subfield>
  </datafield>
  <datafield tag="942" ind1=" " ind2=" ">
    <subfield code="2">lcc</subfield>
    <subfield code="c">RSH</subfield>
  </datafield>
  <datafield tag="998" ind1=" " ind2=" ">
    <subfield code="a">phon</subfield>
    <subfield code="b">phon</subfield>
    <subfield code="c">phon</subfield>
    <subfield code="j">1020</subfield>
    <subfield code="k"> &#xE19;&#xE32;&#xE07;&#xE08;&#xE33;&#xE40;&#xE23;&#xE35;&#xE22;&#xE07;  &#xE23;&#xE30;&#xE27;&#xE31;&#xE07;&#xE2A;&#xE33;&#xE42;&#xE23;&#xE07;</subfield>
  </datafield>
  <datafield tag="999" ind1=" " ind2=" ">
    <subfield code="c">95546</subfield>
    <subfield code="d">95546</subfield>
  </datafield>
  <datafield tag="952" ind1=" " ind2=" ">
    <subfield code="0">0</subfield>
    <subfield code="1">0</subfield>
    <subfield code="2">lcc</subfield>
    <subfield code="4">0</subfield>
    <subfield code="7">0</subfield>
    <subfield code="8">CRSH</subfield>
    <subfield code="a">NALT</subfield>
    <subfield code="b">NALT</subfield>
    <subfield code="d">2019-01-30</subfield>
    <subfield code="e">1</subfield>
    <subfield code="l">0</subfield>
    <subfield code="o">&#xE27; HC 665  &#xE1B;138 2561</subfield>
    <subfield code="p">3961209070</subfield>
    <subfield code="r">2019-02-08 00:00:00</subfield>
    <subfield code="t">&#xE25;.2 &#xE09;.1</subfield>
    <subfield code="w">2019-01-30</subfield>
    <subfield code="y">RSH</subfield>
  </datafield>
  <datafield tag="952" ind1=" " ind2=" ">
    <subfield code="0">0</subfield>
    <subfield code="1">0</subfield>
    <subfield code="2">lcc</subfield>
    <subfield code="4">0</subfield>
    <subfield code="7">0</subfield>
    <subfield code="8">CRSH</subfield>
    <subfield code="a">NALT</subfield>
    <subfield code="b">NALT</subfield>
    <subfield code="d">2019-02-11</subfield>
    <subfield code="e">3</subfield>
    <subfield code="l">0</subfield>
    <subfield code="o">&#xE27; HC 665  &#xE1B;138 2561</subfield>
    <subfield code="p">3961209900</subfield>
    <subfield code="r">2019-02-21 00:00:00</subfield>
    <subfield code="t">&#xE25;.2 &#xE09;.2</subfield>
    <subfield code="w">2019-02-11</subfield>
    <subfield code="y">RSH</subfield>
  </datafield>
</record>
